Мръсна хаванска трилогия (Запис номер 76903)
[ съкратено ]
| 000 -Лидер | |
|---|---|
| Контролно поле с фиксирана дължина | 01344nam a2200337 c 4500 |
| 003 - Код на организацията, давaща контролен номер | |
| Контролно поле | BLK |
| 005 - Дата и час на последна редакция | |
| Контролно поле | 20241227125551.0 |
| 008 - Елементи от данни с фиксирана дължина | |
| fixed length control field | 180408b bul|||||r ||||||| ||bul|| |
| 010 ## - Наследен системен номер | |
| LC control number | KNG00081340000 |
| 020 ## - Международен стандартен номер на книга ISBN | |
| Международен стандартен номер на книга ISBN | 978-954-491-343-4 |
| -- | издат.: Жанет 45 |
| 040 ## - Източник на каталожния запис | |
| Идентификатор на билиотеката - собственик на записа | BLK |
| 041 ## - Код за език | |
| Код за езика на текст/звукозапис или на отделно заглавие | Български |
| Код за езика КДБФ | Български |
| 080 ## - УДК | |
| Текстов определител УДК | Кубинска литература |
| УДК код - определител по УДК | 821.134.2(729.1) |
| УДК определител | -31 |
| УДК - код + определител | 821.134.2(729.1)-31 |
| 100 1# - Редна дума - Автор | |
| Автор | Гутиерес, Педро Хуан |
| Авторска отговорност | първи автор |
| R(LIN) | 298086 |
| 139 ## - Редно поле | |
| Редна дума | Гутиерес, Педро Хуан |
| Авторски знак | Гут - Г 94 |
| 245 10 - Сведения за заглавието | |
| Заглавие | Мръсна хаванска трилогия |
| Подзаглавни данни | Роман |
| Редно поле (дума) | Педро Хуан Гутиерес; прев. от исп. Елианна Лилова; прев. от исп. Еми Бохор Барух. |
| 257 ## - Страна на издаване | |
| Страна на създаване/издаване | Куба |
| 260 ## - Област на издателските данни | |
| -- | Пловдив |
| Име на издателя, разпространителя и проч. | Жанет 45 |
| Година на издаване | 2007 |
| 300 ## - Физическа характеристика | |
| Страници | 412 с. |
| Размери/Мащаб | 20 см |
| 380 ## - Жанр | |
| Жанр | Худож. лит. |
| 500 ## - Общи забележки | |
| Забележка | Ориг. загл. Trilogia sucia de La Habana. - Офс. изд. |
| 653 ## - Ключова дума – ненормативна | |
| Ключова дума | романи |
| 700 1# - Други автори (авторска отговорност) | |
| Лично име | Лилова, Елианна |
| Автороска отговорност (Описва отношението между автора и произведението) | прев. от исп. |
| 9 (RLIN) | 298087 |
| 700 1# - Други автори (авторска отговорност) | |
| Лично име | Барух, Еми Бохор |
| Автороска отговорност (Описва отношението между автора и произведението) | прев. от исп. |
| 9 (RLIN) | 365914 |
| 852 ## - Местоположение | |
| Форматна сигнатура | Цб 238288 |
| 856 4# - Електронен адрес и достъп | |
| Електронен формат | pdf - файл |
| Път до файла /url/ | |
| 856 4# - Електронен адрес и достъп | |
| Електронен формат | pdf - файл |
| Път до файла /url/ | |
| 942 ## - АРТИКУЛИ | |
| Вид на библиотечния материал | Книги |
| Скрит в OPAC | Не |
| Koha issues (borrowed), all copies | 11 |
| 944 ## - СЪЗДАВАНЕ И РЕДАКЦИЯ на ЗАПИСА | |
| Създаване/Редакция | Създаване |
| Дата на регистрацията/редакция | 13.02.2008 |
| Служител, извършил регистрацията/редакцията | 30534 |
| Статус, дата на статуса | Радостина Карадакова |
| 944 ## - СЪЗДАВАНЕ И РЕДАКЦИЯ на ЗАПИСА | |
| Създаване/Редакция | Редакция |
| Дата на регистрацията/редакция | 05.12.2008 |
| Служител, извършил регистрацията/редакцията | |
| 999 ## - СИСТЕМНИ КОНТРОЛНИ НОМЕРА | |
| Koha biblionumber | 76903 |
| Koha biblioitemnumber | 76903 |
| Код за отписване | Код за изгубен артикул | Код за повреда | Коз за рестрикции | Код за отдаване | Артикулен № | Име на библиотеката - собственик | Име на библиотеката, в която се намира в момента | Статус (Текущо местоположение) | Дата на вписване в системата | Местоположение - отдел | Цена в лева | Инвентарен номер | Систематично азбучна сигнатура | Баркод | Номер на екземпляра | Цена в евро | Служебна бележка | Служебен тип на артикула | Източник на класификационната схема |
|---|---|---|---|---|---|---|---|---|---|---|---|---|---|---|---|---|---|---|---|
| Не е изгубен | Не е повреден | без рестрикции | ползва се в читалня | 124780 | Регионална библиотека "Любен Каравелов" Русе | Регионална библиотека "Любен Каравелов" Русе | Хранилище | 2008-02-14 | Хранилище | 15.00 | 120000723329 | Цб 238288 | 120000723329 | 1 | 7.67 | Дост: Dp Вид: Д N: 46 Дата: 24.10.2007 | Книги | ||
| Не е изгубен | Не е повреден | без рестрикции | заемане за дома | 124781 | Регионална библиотека "Любен Каравелов" Русе | Регионална библиотека "Любен Каравелов" Русе | Заемна - подръчен фонд | 2008-04-29 | Заемна - подръчен фонд | 15.00 | 120000726010 | П 860(7/8)-31/Г 94 | 120000726010 | 2 | 7.67 | Дост: DA Вид: А N: 9 Дата: 29.04.2008 Дата инв: 09.02.2018 Бележки инв: П2018 | Книги | Universal Decimal Classification |